000 00611nam a2200205Ia 4500
001 20391
003 GE_BSU
008 181216s||||||||xx |||||||||||||| ||und||
040 _cGE_BSU
245 _aУспехи геронтологии. №5 ,том 29. 2016
245 _bAdvances in gerontology
245 _cгл. ред. В.Н. Анисимов и др.
260 _aМосква
260 _c2016
300 _a842 стр. 29см.
653 _aПериодика
653 _aУспехи геронтологии. №5 ,том 29. 2016
653 _aპერიოდიკა
942 _cCR
999 _c53348
_d53348